[Event "GAMMA Reykjavik Open 2019"]
[Site "Reykjavik"]
[Date "2019.04.13"]
[Round "6.14"]
[White "Ragnarsson, Dagur"]
[Black "Cornette, Matthieu"]
[Result "1-0"]
[WhiteElo "2380"]
[BlackElo "2556"]
[Annotator "ChessBase"]
[PlyCount "145"]
[EventDate "2019.04.04"]
[EventType "swiss"]
[EventCountry "ISL"]
[SourceTitle "playchess.com"]
[Source "ChessBase"]
[SourceQuality "1"]
[TimeControl "40/5400+30:1800+30"]

1. d4 {[%emt 0:00:00]} Nf6 {[%emt 0:00:00]} 2. c4 {[%emt 0:00:00]} e6 {[%emt 0:00:00]} 3. Nc3 {[%emt 0:00:00]} Bb4 {[%emt 0:00:00]} 4. Qc2 {[%emt 0:00:23]} O-O {[%emt 0:01:32]} 5. Bg5 {[%emt 0:02:40]} h6 {[%emt 0:03:57]} 6. Bxf6 {[%emt 0:02:54]} Qxf6 {[%emt 0:00:14]} 7. a3 {[%emt 0:02:06]} Bxc3+ {[%emt 0:00:46]} 8. Qxc3 {[%emt 0:00:07]} d6 {[%emt 0:03:21]} 9. e3 {[%emt 0:04:10]} Nc6 {[%emt 0:04:08]} 10. Bd3 {[%emt 0:02:43]} e5 {[%emt 0:03:44]} 11. Ne2 {[%emt 0:00:16]} exd4 {[%emt 0:10:01]} 12. exd4 {[%emt 0:01:35]} a5 {[%emt 0:01:20]} 13. O-O {[%emt 0:13:39]} a4 {[%emt 0:03:24]} 14. Rad1 {[%emt 0:10:03]} Re8 {[%emt 0:04:08]} 15. Qc2 {[%emt 0:11:42]} Bd7 {[%emt 0:02:55]} 16. Be4 {[%emt 0:01:49]} Na5 {[%emt 0:03:46]} 17. Nc3 {[%emt 0:06:20]} Qd8 {[%emt 0:13:59]} 18. c5 {[%emt 0:09:43]} Qb8 {[%emt 0:07:34]} 19. Bd5 {[%emt 0:05:48]} Qa7 {[%emt 0:07:18]} 20. Ne4 {[%emt 0:02:51]} Be6 {[%emt 0:06:00]} 21. Bxe6 {[%emt 0:00:53]} Rxe6 {[%emt 0:00:02]} 22. d5 {[%emt 0:00:28]} Rg6 {[%emt 0:01:09]} 23. cxd6 {[%emt 0:00:24]} cxd6 {[%emt 0:00:05]} 24. Qxa4 {[%emt 0:00:55]} Qa6 {[%emt 0:00:03]} 25. Rc1 {[%emt 0:04:39]} b5 {[%emt 0:00:10]} 26. Qb4 {[%emt 0:01:06]} Nc4 {[%emt 0:00:38]} 27. Nc3 {[%emt 0:02:30]} Qc8 {[%emt 0:02:17]} 28. Ne2 {[%emt 0:02:50]} Rb8 {[%emt 0:02:36]} 29. Ng3 {[%emt 0:02:02]} Qd8 {[%emt 0:00:53]} 30. Rfe1 {[%emt 0:01:05]} Ne5 {[%emt 0:08:22]} 31. Rc3 {[%emt 0:01:31]} Qb6 {[%emt 0:01:54]} 32. Nf5 {[%emt 0:03:09]} Rf6 {[%emt 0:01:18]} 33. Qe4 {[%emt 0:00:43]} Re8 {[%emt 0:01:22]} 34. Ree3 {[%emt 0:01:27]} g6 {[%emt 0:01:36]} 35. Qd4 {[%emt 0:01:22]} Rb8 {[%emt 0:02:55]} 36. Qxb6 {[%emt 0:00:13]} Rxb6 {[%emt 0:00:07]} 37. Nxd6 {[%emt 0:01:05]} b4 {[%emt 0:02:53]} 38. Rc8+ {[%emt 0:00:35]} Kh7 {[%emt 0:00:02]} 39. a4 {[%emt 0:01:51]} Ng4 {[%emt 0:01:03]} 40. Ne4 {[%emt 0:00:00]} Rxf2 {[%emt 0:00:00]} 41. Nxf2 {[%emt 0:00:57]} Nxe3 {[%emt 0:00:35]} 42. Rc6 {[%emt 0:00:20]} Nxd5 {[%emt 0:00:17]} 43. Rxb6 {[%emt 0:00:05]} Nxb6 {[%emt 0:00:04]} 44. a5 {[%emt 0:00:11]} Nd5 {[%emt 0:03:49]} 45. Nd3 {[%emt 0:00:29]} Kg7 {[%emt 0:00:21]} 46. a6 {[%emt 0:00:09]} b3 {[%emt 0:00:12]} 47. a7 {[%emt 0:01:25]} Nc7 {[%emt 0:00:17]} 48. Kf2 {[%emt 0:02:34]} Kf6 {[%emt 0:00:09]} 49. Ke3 {[%emt 0:00:05]} Ke6 {[%emt 0:00:18]} 50. Nc5+ {[%emt 0:00:18]} Kd5 {[%emt 0:00:42]} 51. Nxb3 {[%emt 0:00:06]} Kc6 {[%emt 0:00:15]} 52. Ke4 {[%emt 0:01:22]} f6 {[%emt 0:01:33]} 53. Nd4+ {[%emt 0:00:58]} Kb7 {[%emt 0:00:19]} 54. Nf3 {[%emt 0:00:28]} Kxa7 {[%emt 0:02:40]} 55. Nh4 {[%emt 0:00:06]} g5 {[%emt 0:00:11]} 56. Nf5 {[%emt 0:00:37]} h5 {[%emt 0:00:04]} 57. Ng7 {[%emt 0:00:28]} h4 {[%emt 0:00:07]} 58. Nh5 {[%emt 0:00:16]} Ne6 {[%emt 0:00:46]} 59. Nxf6 {[%emt 0:01:16]} Kb6 {[%emt 0:01:07]} 60. Ke5 {[%emt 0:00:16]} Nc5 {[%emt 0:03:19]} 61. Kf5 {[%emt 0:00:34]} Nd3 {[%emt 0:00:04]} 62. Kxg5 {[%emt 0:00:18]} Ne1 {[%emt 0:00:03]} 63. Nd5+ {[%emt 0:00:11]} Kc5 {[%emt 0:00:40]} 64. Nf4 {[%emt 0:00:22]} h3 {[%emt 0:00:05]} 65. gxh3 {[%emt 0:02:06]} Nf3+ {[%emt 0:00:03]} 66. Kf5 {[%emt 0:00:25]} Nxh2 {[%emt 0:00:06]} 67. h4 {[%emt 0:00:17]} Nf1 {[%emt 0:00:04]} 68. h5 {[%emt 0:00:58]} Ng3+ {[%emt 0:00:24]} 69. Kg6 {[%emt 0:00:05]} Nxh5 {[%emt 0:00:34]} 70. Kxh5 {[%emt 0:00:05]} Kc4 {[%emt 0:00:02]} 71. Kg4 {[%emt 0:00:08]} Kb3 {[%emt 0:00:03]} 72. Nd3 {[%emt 0:00:04]} Kc2 {[%emt 0:00:08]} 73. b4 {[%emt 0:00:04]} 1-0

[Event "GAMMA Reykjavik Open 2019"]
[Site "Reykjavik"]
[Date "2019.04.13"]
[Round "6.15"]
[White "Sowray, Peter J"]
[Black "Praggnanandhaa R"]
[Result "0-1"]
[WhiteElo "2356"]
[BlackElo "2537"]
[Annotator "TA"]
[PlyCount "68"]
[EventDate "2019.04.04"]
[EventType "swiss"]
[EventCountry "ISL"]
[SourceTitle "playchess.com"]
[Source "ChessBase"]
[SourceQuality "1"]

{[%evp 17,68,0,12,15,10,12,6,22,20,13,22,0,0,0,6,-22,-24,-47,-49,-84,-81,-75,-78,-101,-125,-112,-97,-102,-103,-125,-125,-170,-131,-272,-273,-271,-275,-272,-275,-271,-271,-496,-363,-579,-579,-579,-579,-629,-597,-587,-579,-577,-575]} 1. d4 Nf6 2. c4 e6 3. Nc3 Bb4 4. e3 O-O 5. Nge2 d5 6. a3 Be7 7. cxd5 exd5 8. Nf4 c6 9. Bd3 a5 10. O-O {E46: Nimzo-Indian: Rubinstein: 4 e3 0-0 5 Ne2 without early Bd3} Na6 11. f3 (11. Bd2 Bd6 12. Qc2 Re8 13. Rfe1 Nc7 14. e4 dxe4 15. Nxe4 Nxe4 16. Bxe4 g6 17. d5 c5 {0-1 (50) Volkov,S (2604)-Sjugirov,S (2665) Kolomna 2016}) 11... Nc7 12. Bd2 {The position is equal.} Re8 13. Qc2 Ne6 $146 ({Predecessor:} 13... Bd6 14. Nfe2 c5 15. dxc5 Bxc5 16. Nd4 Ne6 17. Ncb5 Qb6 {1-0 (41) Roy Laguens,A (2326)-Alexandre Bisquert,F (2194) ICCF email 2014}) 14. Nce2 Nxf4 15. Nxf4 Bd6 16. g4 h6 17. h3 Qb6 18. Qc3 c5 19. Rae1 Bd7 20. dxc5 Bxc5 {...d4 is the strong threat.} 21. b4 axb4 22. axb4 Bd6 {And now ...Bxf4 would win.} 23. Ne2 Ra2 {aiming for ...Rc8.} 24. Ra1 {[#]} d4 $1 {[%mdl 512]} 25. Nxd4 (25. exd4 $17 Nd5 {[%mdl 64] Double Attack} 26. Qc1) (25. Qxd4 Qxd4) 25... Nd5 $1 $19 {[%csl LRb4,LRc3,LRe3][%mdl 64] Double Attack} 26. Qc1 {[#]} Rxa1 $1 27. Qxa1 Nxe3 28. Re1 Be5 ({Inferior is} 28... Bxb4 29. Bxe3 Bxe1 30. Nf5 $14) 29. Bc3 $2 (29. Bxe3 Bxd4 30. Bxd4 Rxe1+ 31. Kf2 Rxa1 32. Bxb6) 29... Nd5 30. Re4 (30. Rxe5 $142 Rxe5 31. Bc4) 30... Nxc3 {Black is clearly winning.} 31. Qxc3 Bf6 {Threatens to win with ...Rxe4.} 32. Rf4 Bg5 33. Re4 {[#]} Rxe4 $1 34. Bxe4 Bf6 {Accuracy: White = 38%, Black = 92%.} 0-1

[Event "GAMMA Reykjavik Open 2019"]
[Site "Reykjavik"]
[Date "2019.04.13"]
[Round "6.16"]
[White "Sarkar, Justin"]
[Black "Brunello, Sabino"]
[Result "0-1"]
[WhiteElo "2337"]
[BlackElo "2534"]
[Annotator "TA"]
[PlyCount "70"]
[EventDate "2019.04.04"]
[EventType "swiss"]
[EventCountry "ISL"]
[SourceTitle "playchess.com"]
[Source "ChessBase"]
[SourceQuality "1"]

{[%evp 13,70,14,25,37,30,35,61,66,65,57,63,0,0,-40,19,0,52,36,60,-64,29,-40,-27,-46,-23,-53,-48,-35,-35,-43,-28,-49,-18,-103,-97,-145,-137,-128,-133,-154,-144,-137,-80,-218,-222,-203,-110,-106,-92,-481,-500,-1277,-1264,-1206,-255,-1215,-1159,-29996,-29997]} 1. e4 c5 2. Nf3 d6 3. d4 cxd4 4. Nxd4 Nf6 5. Nc3 a6 6. Bg5 e6 7. f4 Nbd7 8. Qe2 {B96: Sicilian Najdorf: 6 Bg5 e6 7 f4, lines other than 7...Qb6 and 7...Be7} h6 9. Bh4 Qc7 (9... e5 10. fxe5 dxe5 11. Nf5 Nb6 12. Qf3 Bxf5 13. Qxf5 Be7 14. Bd3 Nfd7 15. Bxe7 Qxe7 16. O-O-O O-O 17. Kb1 Nc5 18. Be2 Rad8 19. Qf2 Qc7 20. Qe3 Qc6 21. Rhe1 Rfe8 22. a3 Kf8 {½-½ (22) Anand,V (2773)-Nepomniachtchi,I (2763) Wijk aan Zee 2019}) 10. O-O-O {White is slightly better.} Be7 11. Kb1 b5 $146 ({Predecessor:} 11... Nc5 12. e5 dxe5 13. fxe5 Nd5 14. Nxd5 exd5 15. Bxe7 Qxe7 16. g4 Ne4 17. Bg2 Qxe5 {1-0 (40) Vucinic,G (2313)-Petrisor,A (2441) Paracin 2014}) 12. a3 (12. e5 $1 $14 dxe5 13. fxe5 Qxe5 14. Qf3) 12... Rb8 $11 13. Be1 (13. e5 $5 dxe5 14. fxe5 Qxe5 15. Bg3 Qxe2 16. Bxe2 $11) 13... Bb7 (13... Nc5 $15) 14. g3 Nb6 (14... Ba8 $11) 15. Bg2 $14 Nc4 16. Ka2 (16. g4 $1 $14) 16... Nd7 (16... O-O $15) 17. Nb1 (17. g4 $11) 17... O-O $15 18. h4 Bf6 19. g4 Bxd4 $1 20. Rxd4 e5 $36 {[%mdl 2048] Black has some pressure.} 21. fxe5 Ndxe5 22. g5 {[#]} h5 $1 {[%mdl 512]} 23. Nc3 (23. Bh3 $11) (23. Qxh5 Ne3) 23... a5 $17 24. Nd5 ({Much weaker is} 24. Nxb5 $6 Qc5 $11) ({Not} 24. Qxh5 $2 b4 $19) 24... Bxd5 $1 25. Rxd5 b4 26. Rh3 Rfc8 27. Bf1 Rb6 28. Rb3 (28. Rd1 $17 {was called for.}) 28... bxa3 $19 29. bxa3 Rxb3 ({Black should play} 29... Qc6 $19 30. Bf2 Rxb3 31. cxb3 {[#]} Nxa3 $1 {[%mdl 512]}) 30. cxb3 $17 Nxa3 {Threatens to win with ...Qc1.} 31. Kxa3 $2 {[%mdl 8192]} (31. Bh3 $17 {nothing else works.} Ng4 32. Bxg4 (32. Kxa3 Qc1+ 33. Ka4 Qa1+ 34. Kb5 Qb1 $17) 32... hxg4 33. Kxa3 Qc1+ 34. Ka4) 31... Qc1+ $19 32. Ka4 (32. Qb2 $142 Qxe1 {[%mdl 64] Double Attack} 33. Bb5) 32... Qa1+ 33. Kb5 Rb8+ 34. Ka6 {Hoping for Qd1.} Qc1 {( -> ...Ra8+)} 35. Rxd6 Qc5 0-1

[Event "GAMMA Reykjavik Open 2019"]
[Site "Reykjavik"]
[Date "2019.04.13"]
[Round "6.17"]
[White "Sadzikowski, Daniel"]
[Black "Bjornsson, Sigurbjorn"]
[Result "1-0"]
[WhiteElo "2523"]
[BlackElo "2312"]
[Annotator "TA"]
[PlyCount "82"]
[EventDate "2019.04.04"]
[EventType "swiss"]
[EventCountry "ISL"]
[SourceTitle "playchess.com"]
[Source "ChessBase"]
[SourceQuality "1"]

{[%evp 14,82,58,53,41,43,59,48,55,62,68,12,18,12,12,12,12,0,54,46,75,105,92,90,101,96,94,56,139,135,172,184,192,159,208,209,237,229,326,338,347,346,329,331,356,371,440,452,506,506,506,498,488,481,541,533,525,518,529,531,528,523,718,716,704,688,907,849,726,557,29999]} 1. d4 Nf6 2. c4 g6 3. Nc3 Bg7 4. e4 d6 5. h3 O-O 6. Be3 c5 7. Nf3 cxd4 8. Nxd4 b6 {E90: King's Indian: Classical: Early deviations and 6 h3} 9. g3 Bb7 10. Bg2 $1 Nbd7 {White is slightly better.} 11. O-O Rc8 12. e5 $146 (12. b3 $14) ({Predecessor:} 12. b3 Ba8 13. Re1 a6 14. a4 e6 15. g4 h6 16. Qd2 {1-0 (31) Anton Guijarro,D (2630)-Radjabov,T (2722) Monzon 2016}) 12... dxe5 $11 {[#]} 13. Ne6 $1 {[%mdl 512]} fxe6 14. Bxb7 Rxc4 15. Qe2 Qc7 ({Black should try} 15... Rc7 $11 16. Bg2 Nc5) 16. Nb5 $36 {[%mdl 2048] Black is under pressure.} Qxb7 17. Qxc4 Nd5 18. Rac1 {[%mdl 1024] White has strong compensation.} a6 19. Nc3 $1 {[%cal Bb5c3,Bc3e4,Be4c5][%mdl 32]} b5 20. Qb3 (20. Qg4 {seems wilder.} Rf5 21. Qe4 b4 22. Na4 N7f6 23. Qc4) 20... b4 (20... N7f6 $14) 21. Ne4 $16 N7f6 22. Nc5 Qc6 23. Bg5 h6 {[#]} 24. Bxf6 $1 exf6 {[#]} 25. Rfd1 $1 f5 {[#]} (25... Rd8 $142 26. Nxe6 Qxe6) 26. Nxe6 $1 $18 {[%mdl 512]} Qxe6 27. Qxd5 ({Much less strong is} 27. Rxd5 Kh7 $18) 27... Qxd5 28. Rxd5 {[%mdl 4096] Endgame KRR-KRB} e4 29. Rc6 Bxb2 30. Rxg6+ {[%mdl 64] Double Attack. White is clearly winning.} Kh7 31. Rxa6 Rf7 32. Rb6 Bc3 33. Rdd6 h5 34. Rh6+ Kg7 35. Rbg6+ Kf8 36. Rxh5 f4 37. gxf4 Ra7 38. Rf5+ Ke7 39. Rb5 Rxa2 40. Rb7+ Kf8 41. Rc6 {[%cal Rc6c8]} e3 {Accuracy: White = 79%, Black = 29%.} 1-0

[Event "GAMMA Reykjavik Open 2019"]
[Site "Reykjavik"]
[Date "2019.04.13"]
[Round "6.18"]
[White "Chittka, Julius"]
[Black "Hjartarson, Johann"]
[Result "1/2-1/2"]
[WhiteElo "2268"]
[BlackElo "2520"]
[Annotator "TA"]
[PlyCount "171"]
[EventDate "2019.04.04"]
[EventType "swiss"]
[EventCountry "ISL"]
[SourceTitle "playchess.com"]
[Source "ChessBase"]
[SourceQuality "1"]

{[%evp 18,171,33,27,43,40,44,31,56,43,57,54,78,49,52,29,47,25,34,25,29,0,1,0,14,12,20,0,0,0,33,14,32,10,37,0,6,6,0,0,0,0,10,0,26,0,4,0,0,0,0,0,0,0,32,27,62,62,65,61,121,18,63,52,85,87,92,88,97,91,92,95,175,177,176,175,191,124,158,143,181,134,139,140,170,107,112,101,109,54,60,41,41,36,35,33,30,39,27,18,18,0,0,0,25,25,25,25,56,56,56,56,56,56,62,62,62,62,69,69,69,69,69,68,68,68,68,68,68,68,72,70,69,69,72,72,72,72,70,70,72,72,72,72,72,72,72,0,72,69,72,72,72,72,72,72]} 1. d4 Nf6 2. c4 e6 3. Nc3 Bb4 4. e3 O-O 5. Bd3 d5 6. Nf3 c5 7. O-O Nc6 8. cxd5 exd5 9. dxc5 Bxc5 10. h3 Qe7 {D37: Queen's Gambit Declined: 5 Bf4} 11. b3 Rd8 12. Bb2 Ne4 {White is slightly better.} 13. Rc1 {[#]} Bb6 $146 ({Predecessor:} 13... Bf5 14. Ne2 Rac8 15. Nf4 Ba3 16. Qe2 Bg6 17. Rfd1 a6 18. Bb1 Bxb2 19. Qxb2 {1-0 (79) Naiditsch,A (2716)-Adams,M (2725) Baden-Baden 2013}) 14. Ne2 h6 15. Ned4 Bd7 16. Qe2 Rac8 17. Rfd1 Bc7 18. Bb1 Bb8 19. Qd3 Ne5 20. Qe2 a6 21. Nxe5 Bxe5 22. Qf3 Rxc1 23. Rxc1 b5 24. Bd3 b4 25. Qh5 Qd6 26. f4 Bf6 27. Bxe4 dxe4 28. Qc5 Qxc5 29. Rxc5 Bb5 30. Kf2 g6 31. g3 Bg7 32. Ke1 h5 33. Rc7 h4 34. gxh4 Bf6 35. h5 gxh5 36. Rc5 h4 37. Nc6 ({Much weaker is} 37. Nxb5 Bxb2 38. Rc2 Bh8 $15) 37... Rd6 38. Bxf6 {Threatens to win with Ne7+.} Rxf6 $14 {[%mdl 4096] Endgame KRB-KRN} (38... Rxc6 $14 39. Rxc6 Bxc6) 39. Nd4 (39. Nxb4 $16 {Black must now prevent Rh5.} Rg6 40. Rg5 Rxg5 41. fxg5) 39... Bd7 40. Rh5 Bxh3 41. Rxh4 Bc8 42. Rh5 Rd6 43. Rc5 Bd7 44. Kf2 Kf8 (44... Kg7 $16 {is a better defense.}) 45. f5 $1 $18 Rh6 46. Kg3 Ke7 {[#]} 47. Kf4 (47. Rc7 $1 $18) 47... Rh4+ 48. Ke5 f6+ 49. Kd5 Rh2 {[#]} 50. Ra5 $1 Bc8 51. Kxe4 (51. Nc6+ $18 Kd7 52. Nxb4) 51... Bb7+ $16 52. Kd3 Kd6 53. a3 ({Better is} 53. Ne6 $16) 53... bxa3 $14 54. Rxa3 Rh1 55. Ra4 Rd1+ 56. Ke2 Rb1 57. Rb4 Bd5 $1 58. Rb6+ Ke5 59. Rxa6 Bxb3 {Strongly threatening ...Bc4+.} 60. Kd3 Bd5 61. Ra5 {Ne2 is the strong threat.} Rd1+ 62. Ke2 Rh1 63. Nf3+ Kd6 64. Ra6+ Ke7 {Hoping for ...Bc4+.} 65. Nd2 Rh5 66. Ra7+ Kd8 67. e4 Bxe4 {[%mdl 64] Remove Defender} 68. Nxe4 Rxf5 {KRN-KR} 69. Ke3 Rf1 70. Kd4 Rd1+ 71. Kc5 f5 72. Nd6 f4 73. Rf7 Rc1+ 74. Kd5 Rd1+ 75. Ke5 Re1+ 76. Ne4 ({Of course not} 76. Kxf4 Rf1+ 77. Kg5 Rxf7 $11) 76... f3 77. Rxf3 Ke7 78. Ra3 Kd7 79. Ra6 Kc7 80. Rg6 Rh1 81. Rg7+ Kc6 82. Rg6+ Kc7 $1 83. Nc3 Kd7 84. Rg5 {White is better.} Kc6 85. Ne4 Re1 86. Rg6+ {Accuracy: White = 58%, Black = 56%.} 1/2-1/2

[Event "GAMMA Reykjavik Open 2019"]
[Site "Reykjavik"]
[Date "2019.04.13"]
[Round "6.19"]
[White "Mai, Alexander Oliver"]
[Black "Tang, Andrew"]
[Result "0-1"]
[WhiteElo "2003"]
[BlackElo "2501"]
[Annotator "ChessBase"]
[PlyCount "82"]
[EventDate "2019.04.04"]
[EventType "swiss"]
[EventCountry "ISL"]
[SourceTitle "playchess.com"]
[Source "ChessBase"]
[SourceQuality "1"]
[TimeControl "40/5400+30:1800+30"]

1. e4 {[%emt 0:00:00]} e5 {[%emt 0:00:00]} 2. Nf3 {[%emt 0:00:00]} Nc6 {[%emt 0:00:00]} 3. Nc3 {[%emt 0:00:00]} Nf6 {[%emt 0:00:00]} 4. Bb5 {[%emt 0:00:00]} Bc5 {[%emt 0:00:00]} 5. O-O {[%emt 0:00:02]} O-O {[%emt 0:01:16]} 6. Nxe5 {[%emt 0:01:26]} Nxe5 {[%emt 0:00:46]} 7. d4 {[%emt 0:00:09]} Bd6 {[%emt 0:00:08]} 8. f4 {[%emt 0:01:09]} Neg4 {[%emt 0:00:18]} 9. e5 {[%emt 0:01:38]} Bb4 {[%emt 0:02:17]} 10. f5 {[%emt 0:09:18]} Re8 {[%emt 0:08:08]} 11. exf6 {[%emt 0:02:24]} Nxf6 {[%emt 0:00:08]} 12. Bg5 {[%emt 0:01:52]} c6 {[%emt 0:00:49]} 13. Bd3 {[%emt 0:01:30]} h6 {[%emt 0:01:12]} 14. Bh4 {[%emt 0:01:59]} d5 {[%emt 0:03:10]} 15. Qf3 {[%emt 0:03:28]} Bd7 {[%emt 0:03:34]} 16. Ne2 {[%emt 0:05:25]} Be7 {[%emt 0:04:48]} 17. c3 {[%emt 0:07:57]} Nh7 {[%emt 0:03:29]} 18. Bxe7 {[%emt 0:04:21]} Qxe7 {[%emt 0:01:59]} 19. Ng3 {[%emt 0:03:53]} Nf6 {[%emt 0:05:46]} 20. h3 {[%emt 0:17:01]} Qe3+ {[%emt 0:04:38]} 21. Qxe3 {[%emt 0:06:26]} Rxe3 {[%emt 0:00:04]} 22. Rf3 {[%emt 0:00:33]} Rxf3 {[%emt 0:00:35]} 23. gxf3 {[%emt 0:00:01]} Ne8 {[%emt 0:03:05]} 24. Kf2 {[%emt 0:02:34]} Nd6 {[%emt 0:00:44]} 25. Ke3 {[%emt 0:08:46]} Kf8 {[%emt 0:04:21]} 26. Kf4 {[%emt 0:02:06]} Re8 {[%emt 0:02:27]} 27. Rg1 {[%emt 0:01:41]} Re7 {[%emt 0:04:17]} 28. h4 {[%emt 0:02:29]} b6 {[%emt 0:04:29]} 29. Rg2 {[%emt 0:06:56]} Re1 {[%emt 0:02:06]} 30. Re2 {[%emt 0:01:18]} Ra1 {[%emt 0:00:23]} 31. a3 {[%emt 0:01:02]} Rg1 {[%emt 0:04:35]} 32. Rd2 {[%emt 0:01:18]} f6 {[%emt 0:00:37]} 33. Re2 {[%emt 0:02:58]} c5 {[%emt 0:00:48]} 34. dxc5 {[%emt 0:04:10]} bxc5 {[%emt 0:00:02]} 35. Rd2 {[%emt 0:00:20]} Bc6 {[%emt 0:02:03]} 36. Be2 {[%emt 0:00:36]} Nf7 {[%emt 0:01:29]} 37. Nf1 {[%emt 0:00:34]} Ne5 {[%emt 0:01:18]} 38. Ne3 {[%emt 0:00:51]} g5+ {[%emt 0:00:50]} 39. fxg6 {[%emt 0:00:09]} Nxg6+ {[%emt 0:00:09]} 40. Kf5 {[%emt 0:00:00]} Kf7 {[%emt 0:00:00]} 41. Ng4 {[%emt 0:07:40]} Bd7# {[%emt 0:00:12]} 0-1

[Event "GAMMA Reykjavik Open 2019"]
[Site "Reykjavik"]
[Date "2019.04.13"]
[Round "6.20"]
[White "Loiseau, Quentin"]
[Black "Visser, Henk-Jan"]
[Result "1-0"]
[WhiteElo "2461"]
[BlackElo "2269"]
[Annotator "ChessBase"]
[PlyCount "133"]
[EventDate "2019.04.04"]
[EventType "swiss"]
[EventCountry "ISL"]
[SourceTitle "playchess.com"]
[Source "ChessBase"]
[SourceQuality "1"]
[TimeControl "40/5400+30:1800+30"]

1. d4 {[%emt 0:00:00]} Nf6 {[%emt 0:00:00]} 2. c4 {[%emt 0:00:00]} e6 {[%emt 0:00:12]} 3. Nf3 {[%emt 0:00:00]} Bb4+ {[%emt 0:00:50]} 4. Nbd2 {[%emt 0:00:06]} O-O {[%emt 0:00:39]} 5. a3 {[%emt 0:00:06]} Be7 {[%emt 0:00:20]} 6. e4 {[%emt 0:02:38]} d5 {[%emt 0:00:16]} 7. e5 {[%emt 0:00:08]} Nfd7 {[%emt 0:00:12]} 8. Bd3 {[%emt 0:00:06]} c5 {[%emt 0:00:37]} 9. Qc2 {[%emt 0:01:18]} h6 {[%emt 0:01:08]} 10. O-O {[%emt 0:00:24]} Nc6 {[%emt 0:01:49]} 11. Re1 {[%emt 0:01:16]} a5 {[%emt 0:00:55]} 12. Nb3 {[%emt 0:07:12]} b6 {[%emt 0:02:09]} 13. Bf4 {[%emt 0:07:13]} Bb7 {[%emt 0:01:28]} 14. Rad1 {[%emt 0:04:49]} a4 {[%emt 0:25:44]} 15. Nbd2 {[%emt 0:00:24]} Nxd4 {[%emt 0:01:38]} 16. Nxd4 {[%emt 0:00:04]} cxd4 {[%emt 0:00:08]} 17. Nf3 {[%emt 0:01:19]} Nc5 {[%emt 0:03:46]} 18. Nxd4 {[%emt 0:10:48]} Bg5 {[%emt 0:08:55]} 19. Bxg5 {[%emt 0:07:10]} Qxg5 {[%emt 0:00:36]} 20. Nf3 {[%emt 0:01:48]} Qh5 {[%emt 0:02:11]} 21. Be2 {[%emt 0:03:35]} Rfd8 {[%emt 0:21:35]} 22. Rd4 {[%emt 0:02:52]} dxc4 {[%emt 0:03:54]} 23. Rxc4 {[%emt 0:11:37]} Rac8 {[%emt 0:07:29]} 24. Qc3 {[%emt 0:04:47]} Qf5 {[%emt 0:03:59]} 25. h3 {[%emt 0:15:16]} Bd5 {[%emt 0:04:17]} 26. Nh4 {[%emt 0:04:04]} Qh7 {[%emt 0:01:42]} 27. Rg4 {[%emt 0:01:16]} h5 {[%emt 0:01:19]} 28. Rg5 {[%emt 0:02:45]} Ne4 {[%emt 0:00:31]} 29. Qxc8 {[%emt 0:00:04]} Rxc8 {[%emt 0:00:33]} 30. Rxh5 {[%emt 0:00:01]} Qxh5 {[%emt 0:04:48]} 31. Bxh5 {[%emt 0:00:01]} Rc2 {[%emt 0:00:46]} 32. Bf3 {[%emt 0:08:58]} Nd2 {[%emt 0:00:31]} 33. Bxd5 {[%emt 0:02:24]} exd5 {[%emt 0:00:01]} 34. Nf5 {[%emt 0:00:28]} Rxb2 {[%emt 0:01:11]} 35. Ne7+ {[%emt 0:00:04]} Kh7 {[%emt 0:00:23]} 36. Nxd5 {[%emt 0:00:50]} b5 {[%emt 0:00:25]} 37. f4 {[%emt 0:01:45]} Rb1 {[%emt 0:00:41]} 38. Kf2 {[%emt 0:00:13]} Rxe1 {[%emt 0:00:38]} 39. Kxe1 {[%emt 0:00:01]} Nb1 {[%emt 0:00:16]} 40. Ke2 {[%emt 0:00:00]} Nxa3 {[%emt 0:00:00]} 41. Kd3 {[%emt 0:04:13]} Nc4 {[%emt 0:13:13]} 42. Kc3 {[%emt 0:05:46]} a3 {[%emt 0:16:02]} 43. Kb3 {[%emt 0:00:12]} Kh6 {[%emt 0:00:46]} 44. Nc3 {[%emt 0:01:37]} g5 {[%emt 0:00:44]} 45. g3 {[%emt 0:03:08]} gxf4 {[%emt 0:01:46]} 46. gxf4 {[%emt 0:00:02]} Kg6 {[%emt 0:01:01]} 47. Nxb5 {[%emt 0:01:23]} Ne3 {[%emt 0:00:51]} 48. Nd6 {[%emt 0:00:49]} Nd5 {[%emt 0:00:30]} 49. f5+ {[%emt 0:00:23]} Kg7 {[%emt 0:00:09]} 50. Kxa3 {[%emt 0:00:23]} Nf4 {[%emt 0:00:32]} 51. h4 {[%emt 0:00:12]} Nd3 {[%emt 0:00:24]} 52. f6+ {[%emt 0:01:13]} Kg8 {[%emt 0:00:48]} 53. Nc4 {[%emt 0:00:26]} Kh7 {[%emt 0:00:28]} 54. Kb3 {[%emt 0:00:36]} Kg6 {[%emt 0:00:31]} 55. Kc3 {[%emt 0:00:01]} Nf4 {[%emt 0:00:34]} 56. Nd6 {[%emt 0:02:38]} Nh5 {[%emt 0:00:29]} 57. Kd4 {[%emt 0:00:33]} Nf4 {[%emt 0:00:20]} 58. Ke4 {[%emt 0:00:19]} Ne6 {[%emt 0:00:25]} 59. Kf3 {[%emt 0:03:32]} Nd8 {[%emt 0:00:46]} 60. Kg4 {[%emt 0:00:08]} Kh7 {[%emt 0:00:24]} 61. h5 {[%emt 0:00:37]} Kh6 {[%emt 0:00:35]} 62. Kh4 {[%emt 0:00:59]} Kh7 {[%emt 0:00:08]} 63. Kg5 {[%emt 0:00:18]} Ne6+ {[%emt 0:00:10]} 64. Kf5 {[%emt 0:00:04]} Nd8 {[%emt 0:00:05]} 65. Nxf7 {[%emt 0:02:37]} Nxf7 {[%emt 0:00:09]} 66. e6 {[%emt 0:00:01]} Nd6+ {[%emt 0:01:30]} 67. Ke5 {[%emt 0:00:06]} 1-0